00686nam a2200241 a 4500001001300000003000900013005001700022008004100039020001000080082002000090100001900110245002900129260003800158300000900196500003500205505001000240650002500250700001900275902000800294942000700302952012000309999001500429nice12345678IN_TiNIC20260116011456.0050524s1941 laha grp 000 0 eng  ac10000a909.04927bASA1 aAsad, Muhammad aIslam at the Cross Roads aLahorebSh. Muhammad Ashrafc1941 a141p aincludes index and biblioraphy2 aIndex aCivilization-Islamic1 aAsad, Muhammad bSRS cBK 001040708StackRoom-aHMIbHMId2007-06-05g100.00l0o909.04927 ASA1p00939r2007-06-05v100.00w2005-05-24yBK c1871d1871